| 000 | 01093nam a22003497a 4500 | ||
|---|---|---|---|
| 001 | 13777836 | ||
| 003 | OSt | ||
| 005 | 20140310183102.0 | ||
| 008 | 040412s2003 ph 000 0 tgl | ||
| 010 | _a 2003711696 | ||
| 020 | _a9715062350 | ||
| 035 | _a(DLC) 2003711696 | ||
| 037 |
_bLibrary of Congress -- Jakarta Overseas Office _cP340.00 |
||
| 040 |
_aDLC _cDLC |
||
| 042 | _alcode | ||
| 050 | 0 | 0 |
_aPL 6063 _b.N163 2003 |
| 082 |
_aFIL 890.14 _bN163 2003 |
||
| 100 | 1 | _aNakpil, Carmen Guerrero. | |
| 245 | 1 | 4 |
_aMga kuwento sa kasaysayan _cNakpil, Carmen Geurrero |
| 246 | 3 | 0 | _aKasaysayan |
| 260 |
_aEspaƱa, Manila _bUST Pub. House _c2003 |
||
| 300 |
_aviii, 208 p. _c23 cm. |
||
| 520 | _aCollection of Philippine historical essays. | ||
| 521 | _aHigh School to College Student | ||
| 526 | _c1210L to 1700L | ||
| 541 | _j1 | ||
| 546 | _aIn Tagalog. | ||
| 562 | _efor circulation. 1 copy available in the collection | ||
| 906 |
_a7 _bcbc _corigode _d4 _encip _f20 _gy-gencatlg |
||
| 942 |
_2lcc _cBK _kFIL |
||
| 999 |
_c18742 _d18742 |
||